<?xml version="1.0" encoding="UTF-8"?>
<collection xmlns="http://www.loc.gov/MARC21/slim">
<record>
  <controlfield tag="001">159385</controlfield>
  <controlfield tag="005">20250520135049.0</controlfield>
  <datafield tag="037" ind1=" " ind2=" ">
    <subfield code="a">GDOC-2024-30841</subfield>
  </datafield>
  <datafield tag="970" ind1=" " ind2=" ">
    <subfield code="a">GDOC-2024-30841</subfield>
  </datafield>
  <datafield tag="041" ind1=" " ind2=" ">
    <subfield code="a">spa</subfield>
  </datafield>
  <datafield tag="041" ind1=" " ind2=" ">
    <subfield code="a">eng</subfield>
  </datafield>
  <datafield tag="540" ind1=" " ind2=" ">
    <subfield code="a">by-nc-sa</subfield>
    <subfield code="b">Creative Commons</subfield>
    <subfield code="c">3.0</subfield>
    <subfield code="u">http://creativecommons.org/licenses/by-nc-sa/3.0/</subfield>
  </datafield>
  <datafield tag="260" ind1=" " ind2=" ">
    <subfield code="a">Zaragoza</subfield>
    <subfield code="b">Universidad de Zaragoza</subfield>
    <subfield code="c">2024-2025</subfield>
  </datafield>
  <datafield tag="245" ind1="0" ind2="0">
    <subfield code="9">30841</subfield>
    <subfield code="a">Prácticas externas</subfield>
  </datafield>
  <datafield tag="242" ind1="0" ind2="0">
    <subfield code="9">30841</subfield>
    <subfield code="a">Internships</subfield>
  </datafield>
  <datafield tag="100" ind1=" " ind2=" ">
    <subfield code="0">(orcid)0000-0003-0865-4159</subfield>
    <subfield code="a">María Abenoza, Giménez</subfield>
    <subfield code="1">527367</subfield>
  </datafield>
  <datafield tag="700" ind1=" " ind2=" ">
    <subfield code="0">(orcid)0000-0001-8822-7303</subfield>
    <subfield code="a">Esther Asensio, Casas</subfield>
    <subfield code="1">322197</subfield>
  </datafield>
  <datafield tag="700" ind1=" " ind2=" ">
    <subfield code="0">(orcid)0000-0001-5053-8309</subfield>
    <subfield code="a">Daniel Berdejo, Martínez</subfield>
    <subfield code="1">651874</subfield>
  </datafield>
  <datafield tag="700" ind1=" " ind2=" ">
    <subfield code="0">(orcid)0000-0001-5484-6536</subfield>
    <subfield code="a">Fernando Blesa, Moreno</subfield>
    <subfield code="1">123955</subfield>
  </datafield>
  <datafield tag="700" ind1=" " ind2=" ">
    <subfield code="0">(orcid)0000-0002-1902-0648</subfield>
    <subfield code="a">Santiago Condón, Usón</subfield>
    <subfield code="1">386772</subfield>
  </datafield>
  <datafield tag="700" ind1=" " ind2=" ">
    <subfield code="0">(orcid)0000-0001-8893-0963</subfield>
    <subfield code="a">María Celia Domeño, Recalde</subfield>
    <subfield code="1">130041</subfield>
  </datafield>
  <datafield tag="700" ind1=" " ind2=" ">
    <subfield code="0">(orcid)0000-0001-5765-2972</subfield>
    <subfield code="a">Ana María Ferrer, Mairal</subfield>
    <subfield code="1">326580</subfield>
  </datafield>
  <datafield tag="700" ind1=" " ind2=" ">
    <subfield code="0">(orcid)0000-0002-8701-9745</subfield>
    <subfield code="a">María del Carmen Jarne, Lardiés</subfield>
    <subfield code="1">312267</subfield>
  </datafield>
  <datafield tag="700" ind1=" " ind2=" ">
    <subfield code="0">(orcid)0000-0002-3005-2675</subfield>
    <subfield code="a">María Ángeles Latorre, Górriz</subfield>
    <subfield code="1">600979</subfield>
  </datafield>
  <datafield tag="700" ind1=" " ind2=" ">
    <subfield code="0">(orcid)0000-0002-1961-8551</subfield>
    <subfield code="a">Susana Lorán, Ayala</subfield>
    <subfield code="1">182179</subfield>
  </datafield>
  <datafield tag="700" ind1=" " ind2=" ">
    <subfield code="0">(orcid)0000-0001-5442-7702</subfield>
    <subfield code="a">Raul Carlos Mainar, Jaime</subfield>
    <subfield code="1">136897</subfield>
  </datafield>
  <datafield tag="700" ind1=" " ind2=" ">
    <subfield code="0">(orcid)0000-0001-8146-0364</subfield>
    <subfield code="a">Juan Luis Mora, Hernández</subfield>
    <subfield code="1">391032</subfield>
  </datafield>
  <datafield tag="700" ind1=" " ind2=" ">
    <subfield code="0">(orcid)0000-0002-3817-1679</subfield>
    <subfield code="a">Ana María Olaizola, Tolosana</subfield>
    <subfield code="1">118266</subfield>
  </datafield>
  <datafield tag="700" ind1=" " ind2=" ">
    <subfield code="0">(orcid)0000-0002-7179-3031</subfield>
    <subfield code="a">Miriam Oliva, Alcubierre</subfield>
    <subfield code="1">320629</subfield>
  </datafield>
  <datafield tag="700" ind1=" " ind2=" ">
    <subfield code="0">(orcid)0000-0002-0238-6328</subfield>
    <subfield code="a">Rafael Pagán, Tomás</subfield>
    <subfield code="1">333754</subfield>
  </datafield>
  <datafield tag="700" ind1=" " ind2=" ">
    <subfield code="0">(orcid)0000-0002-4905-3694</subfield>
    <subfield code="a">María Helena Resano, Ezcaray</subfield>
    <subfield code="1">224315</subfield>
  </datafield>
  <datafield tag="700" ind1=" " ind2=" ">
    <subfield code="0">(orcid)0000-0002-7450-8769</subfield>
    <subfield code="a">Martín Resano, Ezcaray</subfield>
    <subfield code="1">324730</subfield>
  </datafield>
  <datafield tag="700" ind1=" " ind2=" ">
    <subfield code="0">(orcid)0000-0002-2363-2735</subfield>
    <subfield code="a">Eva Romeo, Salazar</subfield>
    <subfield code="1">326940</subfield>
  </datafield>
  <datafield tag="700" ind1=" " ind2=" ">
    <subfield code="0">(orcid)0000-0001-6013-3399</subfield>
    <subfield code="a">María Luisa Salvador, Solano</subfield>
    <subfield code="1">129781</subfield>
  </datafield>
  <datafield tag="700" ind1=" " ind2=" ">
    <subfield code="0">(orcid)0000-0002-3906-4576</subfield>
    <subfield code="a">María Isabel Sanz, Vicente</subfield>
    <subfield code="1">112205</subfield>
  </datafield>
  <datafield tag="830" ind1=" " ind2=" ">
    <subfield code="9">568</subfield>
  </datafield>
  <datafield tag="856" ind1="4" ind2=" ">
    <subfield code="s">8342</subfield>
    <subfield code="u">http://zaguan.unizar.es/record/159385/files/guia-30841-en.pdf</subfield>
    <subfield code="y">Guide (english)</subfield>
  </datafield>
  <datafield tag="856" ind1="4" ind2=" ">
    <subfield code="s">8414</subfield>
    <subfield code="u">http://zaguan.unizar.es/record/159385/files/guia-30841-es.pdf</subfield>
    <subfield code="y">Guía (idioma español)</subfield>
  </datafield>
  <datafield tag="521" ind1=" " ind2=" ">
    <subfield code="9">112</subfield>
    <subfield code="a">Grado en Ciencia y Tecnología de los Alimentos</subfield>
    <subfield code="b">Degree in Food Science and Technology</subfield>
  </datafield>
  <datafield tag="980" ind1=" " ind2=" ">
    <subfield code="a">GDOC</subfield>
    <subfield code="b">Sciences</subfield>
    <subfield code="b">Ciencias</subfield>
    <subfield code="c">105</subfield>
  </datafield>
</record>
</collection>